Trial Advocacy Case Material : (Record no. 62)

MARC details
000 -LEADER
fixed length control field 00429nam a22001337a 4500
005 - DATE AND TIME OF INPUT
control field 20231025144314.0
008 - DATA ELEMENTS--GENERAL INFORMATION
fixed length control field 231025b |||||||| |||| 00| 0 eng d
082 ## - SHELF NUMBER
DDC number 347.1 TRI
100 ## - MAIN AUTHOR
Language of a work English
245 ## - TITLE STATEMENT
Title Trial Advocacy Case Material :
Sub-title Flinders Aluminum Fabrication Corporation v. MISMO Fire Insurance Company
260 ## - PUBLICATION, DISTRIBUTION, ETC.
Place of publication, distribution, etc. South Africa
Date of publication, distribution, etc. 1998
650 ## - SUBJECT`
Broad subject Legal Practice
Own subject terms Law
942 ## - ADDED ENTRY ELEMENTS (KOHA)
Item type Books
942 ## - ADDED ENTRY ELEMENTS (KOHA)
-- ALISON_BN_VRIES
Holdings
Source of classification or shelving scheme Not for loan Collection code Home library Current library Shelving location Date acquired Full call number Barcode Price effective from Koha item type
Dewey Decimal Classification   TEXT BOOKS LAW SOCIETY OF NAMIBIA LIBRARY - WINDHOEK LAW SOCIETY OF NAMIBIA LIBRARY - WINDHOEK Civil Procedure and Court 10/25/2023 347.1 TRI LSN/2009/23 10/25/2023 Books
Dewey Decimal Classification   TEXT BOOKS LAW SOCIETY OF NAMIBIA LIBRARY - WINDHOEK LAW SOCIETY OF NAMIBIA LIBRARY - WINDHOEK Civil Procedure and Court 10/30/2023 347.1 TRI LSN/2009/22 10/30/2023 Books